Ženy sú ministerky hospodárstva
Rozhovor s kenskou podnikateľkou roka (EY Podnikateľka roka), generálnou riaditeľkou Kenya Women Holding Group o tom, ako sa dá požičiavať najchudobnejším a pomôcť im vybudovať vlastný biznis. Poskytovanie pôžičiek kenským ženám, začínajúcim podnikateľkám.
Salvato in:
| Autore principale: | |
|---|---|
| Altri autori: | |
| Natura: | Capitolo di libro |
| Lingua: | slovacco |
| Soggetti: | |
| Tags: |
Nessun Tag, puoi essere il primo ad aggiungerne!!
|
MARC
| LEADER | 00000naa a2200000 4500 | ||
|---|---|---|---|
| 001 | 0191042 | ||
| 005 | 20231113101415.2 | ||
| 041 | 0 | |a slo | |
| 044 | |a SK | ||
| 245 | 1 | 0 | |a Ženy sú ministerky hospodárstva |c Ján Kováč, Jennifer Riria |
| 520 | |a Rozhovor s kenskou podnikateľkou roka (EY Podnikateľka roka), generálnou riaditeľkou Kenya Women Holding Group o tom, ako sa dá požičiavať najchudobnejším a pomôcť im vybudovať vlastný biznis. Poskytovanie pôžičiek kenským ženám, začínajúcim podnikateľkám. | ||
| 610 | 2 | 0 | |a financie |
| 610 | 2 | 0 | |a úver |
| 610 | 2 | 0 | |a pôžičky |
| 610 | 2 | 0 | |a ženy |
| 610 | 2 | 0 | |a podnikanie |
| 610 | 2 | 0 | |a Keňa |
| 610 | 2 | 0 | |a Afrika |
| 100 | 1 | |a Kováč, Ján | |
| 700 | 1 | |a Riria, Jennifer | |